Capitals of the Caribbean Quiz Stats

 Plays Quiz not verified by Sporcle

Score 0/25 Timer 10:00
0 Plays Today
Country % Correct
CubaHavana
92.5%
JamaicaKingston
90%
The BahamasNassau
87.8%
HaitiPort-au-Prince
86.6%
Dominican RepublicSanto Domingo
84.1%
BarbadosBridgetown
82.5%
Antigua and BarbudaSaint John's
78.8%
Trinidad and TobagoPort-of-Spain
76.1%
Dominica Roseau
73.4%
Puerto Rico (US)San Juan
72.8%
GrenadaSaint George's
71.9%
Saint LuciaCastries
69.2%
Saint Kitts and NevisBasseterre
66.1%
Country % Correct
Saint Vincent and the GrenadinesKingstown
63.5%
Anguilla (UK)The Valley
59.8%
Aruba (NL)Oranjestad
57.3%
British Virgin Islands (UK)Road Town
54.1%
Cayman Islands (UK)George Town
52.2%
Montserrat (UK)Plymouth
49.9%
Curacao (NL)Willemstad
48.1%
Virgin Islands (US)Charlotte Amalie
43.5%
Turks and Caicos Islands (UK)Cockburn Town
42.9%
Saint Martin (FR)Marigot
34.2%
Saint Barthelemy (FR)Gustavia
33.1%
Sint Maarten (NL)Philipsburg
32.9%

You're not logged in!

Compare scores with friends on all Sporcle quizzes.
OR
Log In

Show Comments

Extras

Top Quizzes Today


Score Distribution

Your Account Isn't Verified!

In order to create a playlist on Sporcle, you need to verify the email address you used during registration. Go to your Sporcle Settings to finish the process.

Report this User

Report this user for behavior that violates our Community Guidelines.

Details: